000
00245nam a2200097Ia 4500
001
729995
005
20250826163706.0
008
250824s9999 xx 000 0 und d
245
0
_a
İPE UN SEREN ADAM
_c
NÜZHET ERMAN
260
_b
KÜLTÜR BAKANLIĞI
999
_c
729995
_d
729995